LEADER 01294nam--2200397---450- 001 990003462730203316 005 20101102093132.0 010 $a978-88-387-5317-2 035 $a000346273 035 $aUSA01000346273 035 $a(ALEPH)000346273USA01 035 $a000346273 100 $a20101102d2009----km-y0itay50------ba 101 $aita 102 $aIT 105 $a||||||||001yy 200 1 $aConferimenti d'azienda$easpetti economici, civilistici, contabili, fiscali e valutativi$fRoberto Moro Visconti$eaggiornato con il D.Lgs. 4 agosto 2008 n. 142 205 $a2. ed. 210 $aSantarcangelo di Romagna$cMaggioli$d2009 215 $a450 p.$d24 cm 225 2 $aProfessionisti & Imprese$v111 410 0$12001$aProfessionisti & Imprese$v, 111$iLavoro 454 1$12001 461 1$1001-------$12001 606 0 $aSocietà commerciali$xConferimenti$xLegislazione$2BNCF 676 $a346.45066 700 1$aMORO VISCONTI,$bRoberto$0105248 801 0$aIT$bsalbc$gISBD 912 $a990003462730203316 951 $aXXV.3.E. 557$b18516 EC.$cXXV.3.E.$d00283698 959 $aBK 969 $aGIU 979 $aFIORELLA$b90$c20101102$lUSA01$h0928 979 $aFIORELLA$b90$c20101102$lUSA01$h0931 996 $aConferimenti d'azienda$91111784 997 $aUNISA LEADER 01214nam--2200373---450- 001 990005898910203316 005 20131018133504.0 010 $a978-1-84946-280-8 035 $a000589891 035 $aUSA01000589891 035 $a(ALEPH)000589891USA01 035 $a000589891 100 $a20131018d2013----km-y0itay50------ba 101 $aeng 102 $aGB 105 $a||||||||001yy 200 1 $aInternational surrogacy arrangements$elegal regulation at the international level$fedited by Katarina Trimming and Paul Beaumunt 210 $aOxford and Portland$cHart$d2013 215 $aIX, 559 p.$d24 cm 225 2 $aStudies in private international law 410 0$aStudies in private international law 610 $aFecondazione artificiale$xDiritto internazionale privato 676 $a340.9171 702 1$aTRIMMING,$bKatarina 702 1$aBEAUMONT,$bPaul 801 0$aIT$bsalbc$gISBD 912 $a990005898910203316 951 $aXXIII.3.D. 95$b78042 G.$cXXIII.3.D.$d00343608 959 $aBK 969 $aGIU 979 $aCHIARA$b90$c20131018$lUSA01$h1133 979 $aCHIARA$b90$c20131018$lUSA01$h1335 996 $aInternational surrogacy arrangements$91075258 997 $aUNISA LEADER 02286nas 2200721- 450 001 996448053903316 005 20240117213019.0 011 $a2611-3686 035 $a(DE-599)ZDB2967556-X 035 $a(OCoLC)564111601 035 $a(CKB)110978977730455 035 $a(CONSER)--2023215026 035 $a(EXLCZ)99110978977730455 100 $a20100321a20019999 --- a 101 0 $aeng 135 $aurbn||||||abp 135 $aurbn||||||ada 181 $ctxt$2rdacontent 182 $cc$2rdamedia 183 $acr$2rdacarrier 200 00$aActa ad archaeologiam et artium historiam pertinentia 210 1$aRoma :$c"Erma" di Bretschneider,$d2001- 215 $a1 online resource (volumes) $cillustrations 225 0 $a<2001->: Skrifter utgivna av Svenska institutet i Rom 300 $aRefereed/Peer-reviewed 300 $aVols. 3-<9> published: Roma, "L'Erma" di Bretschneider; v. <12-13>: Stockholm: Paul Aströms Förlag; v. <15-16>: Roma : Bardi Editore 300 $aSome volumes have also a distinctive title. 311 $aPrint version: Acta ad archaeologiam et artium historiam pertinentia. 0065-0900 320 $aIncludes bibliographical references. 410 0$aSkrifter utgivna av Svenska institutet i Rom.$p4o. 606 $aArt$vPeriodicals 606 $aArt$xHistory$vPeriodicals 606 $aArt 606 $aArt 606 $aArt$xHistoire 606 $aart history$2aat 606 $aAntiquities$2fast$3(OCoLC)fst00810745 606 $aArt$2fast$3(OCoLC)fst00815177 606 $aArcheologie$2gtt 606 $aKunst$2gtt 606 $aOudheid$2gtt 607 $aEurope$xAntiquities$vPeriodicals 607 $aEurope$xAntiquités 607 $aEurope$2fast 608 $aPeriodicals.$2fast 608 $aHistory.$2fast 615 0$aArt 615 0$aArt$xHistory 615 2$aArt 615 6$aArt. 615 6$aArt$xHistoire. 615 7$aart history. 615 7$aAntiquities. 615 7$aArt. 615 17$aArcheologie. 615 17$aKunst. 615 17$aOudheid. 676 $a709 712 02$aIstituto di Norvegia in Roma, 906 $aJOURNAL 912 $a996448053903316 996 $aActa ad archaeologiam et artium historiam pertinentia$9802271 997 $aUNISA